Fr. Conceicao Rodrigues College of Engineering

Feedback and control system 2nd revied (Record no. 20737)

MARC details
000 -LEADER
fixed length control field 00311nam a2200133Ia 4500
082 ## - DEWEY DECIMAL CLASSIFICATION NUMBER
Classification number 629.83
Item number GOY/BAK
100 ## - MAIN ENTRY--PERSONAL NAME
Personal name Goyal/ S.C./ Bakshi U A
245 ## - TITLE STATEMENT
Title Feedback and control system 2nd revied
260 ## - PUBLICATION, DISTRIBUTION, ETC.
Name of publisher, distributor, etc. Techl Pubns
Place of publication, distribution, etc. Pune
Date of publication, distribution, etc. 1996
300 ## - PHYSICAL DESCRIPTION
Extent 552
546 ## - LANGUAGE NOTE
Language note ENGLISH
654 ## - SUBJECT ADDED ENTRY--FACETED TOPICAL TERMS
Focus term feedback
942 ## - ADDED ENTRY ELEMENTS (KOHA)
Koha item type BOOK
Holdings
Withdrawn status Lost status Damaged status Not for loan Collection Home library Current library Date acquired Total Checkouts Full call number Barcode Date last seen Price effective from Koha item type
        CRC Fr. Agnel's C.Rodrigues College of Engineering Fr. Agnel's C.Rodrigues College of Engineering 17/03/2023   629.83 GOY/BAK 8550 17/03/2023 17/03/2023 BOOK